LIBRARY ONLINE CATALOGUE

The Use of plant genetic resources / (Record no. 6633)

MARC details
000 -LEADER
fixed length control field 00605nam a22002052 4500
001 - CONTROL NUMBER
control field 0000004745
005 - DATE AND TIME OF LATEST TRANSACTION
control field 20151217151940.0
008 - FIXED-LENGTH DATA ELEMENTS--GENERAL INFORMATION
fixed length control field 070529s xx 000 0 eng d
020 ## - INTERNATIONAL STANDARD BOOK NUMBER
International Standard Book Number 0520368863 :
Terms of availability GBP 24.99
040 ## - CATALOGING SOURCE
Original cataloging agency KABU
Transcribing agency KABU
050 #0 - LIBRARY OF CONGRESS CALL NUMBER
Classification number SB123.3
Item number .U84
245 14 - TITLE STATEMENT
Title The Use of plant genetic resources /
Statement of responsibility, etc. ed. by A. H. D. Brown ... [et al.]
260 ## - PUBLICATION, DISTRIBUTION, ETC. (IMPRINT)
Place of publication, distribution, etc. Cambridge :
Name of publisher, distributor, etc. CUP,
Date of publication, distribution, etc. 1989.
300 ## - PHYSICAL DESCRIPTION
Extent x, 382 p.
650 #0 - SUBJECT ADDED ENTRY--TOPICAL TERM
Topical term or geographic name as entry element Germplasm resources.
-- 0000155507
700 1# - ADDED ENTRY--PERSONAL NAME
Personal name Brown, A. H. D.
-- 0000155508
908 ## - PUT COMMAND PARAMETER (RLIN)
Put command parameter 070529
950 ## - LOCAL HOLDINGS (RLIN)
-- 1
Holdings
Withdrawn status Lost status Source of classification or shelving scheme Not for loan Home library Current library Date acquired Total Checkouts Full call number Barcode Date last seen Price effective from Koha item type
    Library of Congress Classification   Kabarak, Main Campus Kabarak, Main Campus 17/12/2015   SB123.3 .U84 007132 17/12/2015 17/12/2015 General Collection